00431 2200181 4500001002100000005001500021035002000036245003900056100001700095250000600112300003300118260002900151082000800180084001400188020001800202600001700220990001200237INLIS00000000000336920260211011423 a0010-02260000351 aMarmut Merah Jambu /cRaditya Dika0 aRaditya Dika a1 a218 hlm :bs ;c13,5 x 20 cm aJakarta :bBukune,c2010 a813 a813 RAD m a602-8066-64-8 4aRaditya Dika a0754471